=LDR 00000nam 2200000 4500 =001 INLIS000000000025032 =005 20130612123555 =008 ***********************************Ind** =035 ##$$0010-061300000025032 =041 ##$$a Ind =082 ##$$a 245.5 =090 ##$$a 245.5, Sup m =100 ##$$a Suparno =245 ##$$a Memanfaatkan bung kering, Suparno =260 ##$$a 1987 $b Solo =300 ##$$a 48 hlm., 21 cm =650 ##$$a Kerajinan tangan =850 ##$$a NBPNMAT